000 00851nam a2200241Ia 4500
003 OSt
005 20220925234514.0
006 a|||||r|||| 00| 0
007 ta
008 220923b |||||||| |||| 00| 0 eng d
020 _a8189640003
_c505.75
037 _b4825, 14/12/2012, RAJKIRAN BOOK AGENCY
_cGeneral Book
040 _aRTL
_cRTL
_beng
041 _2eng
_aeng
082 _aX9(E:8981):8.281.P, P6
100 _aSINGH Satpal
_9300202
245 0 _aSolid waste management in resettlement colonies of Delhi
_b A study of people's participation and urban policy.
260 _a New Delhi
_bBookwell
_c2006
300 _axviii, 259p. Bib: p 255-259
_ccm.
650 _aSociology
942 _hX9(E:8981):8.281.P, P6
_cGB
_2CC
999 _c595750
_d595750